Tilastot visalle Kirjaimeen O päättyvät valtiot

Klikkaa tästä pelataksesi tätä visaa!

Yleistilastot

  • Tätä visaa on pelattu 864 kertaa
  • Keskiarvotulos 6 / 13

Vastaustilastot

Valtio% Oikein
Togo
59%
Viro
57%
Meksiko
56%
Kosovo
52%
Monaco
49%
Marokko
47%
Lesotho
46%
San Marino
46%
Vatikaanivaltio
39%
Montenegro
37%
Burkina Faso
28%
Trinidad ja Tobago
28%
Norsunluurannikko
22%

Tulosjakauma

Persentiili vastausten määrän mukaan

Jokaisen tuloksen saaneiden osuus

Tuloshistoriasi

Et ole pelannut tätä visaa